000 01635nam a2200217Ia 4500
003 Ost
005 20260507075657.0
008 260507s9999||||xx |||||||||||||| ||und||
040 _cfsecg
041 _aara
082 _a341.759
100 _aجابر، عبد الرؤوف
_eمؤلف
245 0 _aالوجيز في عقود التنمية التقنية /
_c عبد الرؤوف جابر
260 _aبيروت:
_bمنشورات الحلبي الحقوقية,
_c2005
300 _a268 صفحة؛
_bإيضاحات ؛
_c24 سم
504 _aالمراجع ص.257
520 _aالتنظيم القانوني لنقل العلوم التطبيقية(تكنولوجيا): الجهود الدولية لتنظيم نقل العلوم التطبيقية، الديباجة وأهداف التقنين وأصوله العامة، التعاريف ونطاق التطبيق، الضمانات والمسؤوليات والتعهدات، معاملة خاصة للدول النامية، التعاون الدولي في مجال نقل العلوم. عقد نقل العلوم التطبيقية: بيان العقد، عقد تسليم ،انتاج، عقد المساعدة الفنية، عقد تسليم المفتاح: انشاء العقد، التزامات المقاول، التزامات العميل، التخلف عن التنفيذ والمسؤولية، استحالة التنفيذ وتغيير ظروف العقد، القانون الواجب التطبيق وفض المنازعات.
653 _aالعقود التجارية
653 _aالعقود- القانون المدني
942 _cكتاب
999 _c45727
_d45727